Loading...
Introductory mathematics for economics and business.
| Hovedforfatter: | |
|---|---|
| Format: | Printed Book |
| Udgivet: |
London :
Macmillan,
1983.
|
| Fag: |
| LEADER | 00527nam a22001457a 4500 | ||
|---|---|---|---|
| 020 | |a 0333576500 | ||
| 082 | |a 510.243 39 |b HOL/M | ||
| 100 | |a Holden,K.(Editor) |a Pearson,A.W.(Editor) | ||
| 245 | |a Introductory mathematics for economics and business. | ||
| 260 | |a London : |b Macmillan, |c 1983. | ||
| 300 | |a xii,511p.; | ||
| 650 | |a Mathematics |v Business | ||
| 942 | |c BK | ||
| 999 | |c 99349 |d 99349 | ||
| 952 | |0 0 |1 0 |4 0 |6 510_243000000000000_39_HOL_M |7 0 |9 92583 |a SSS |b SSS |c GEN |d 2012-02-09 |g 233.85 |l 0 |o 510.243 39 HOL/M |p SSS01867 |r 2012-02-09 |w 2016-10-27 |y BK | ||